000 00467nam a2200157 4500
001 108395
003 ES-MaACL
005 20230906184633.0
007 t|
008 061121s1970 sp r ||||1| spa d
100 1 _aMondéjar, José.
_982142
245 1 3 _aEl verbo andaluz, formas y estructuras /
_cJosé Mondéjar.
260 _aMadrid :
_bInstituto Miguel de Cervantes,
_c1970.
300 _aXV, 196 p. :
_bil. ;
_c25 cm.
852 _aES-MaACL
_jC-37753
_bR.76758
999 _c108395
_d108395